<?xml version="1.0" encoding="UTF-8"?><?xml-stylesheet type="text/xsl" href="static/style.xsl"?><OAI-PMH xmlns="http://www.openarchives.org/OAI/2.0/" xmlns:xsi="http://www.w3.org/2001/XMLSchema-instance" xsi:schemaLocation="http://www.openarchives.org/OAI/2.0/ http://www.openarchives.org/OAI/2.0/OAI-PMH.xsd"><responseDate>2026-04-17T02:46:44Z</responseDate><request verb="GetRecord" identifier="oai:www.recercat.cat:2117/339854" metadataPrefix="marc">https://recercat.cat/oai/request</request><GetRecord><record><header><identifier>oai:recercat.cat:2117/339854</identifier><datestamp>2026-01-21T11:08:31Z</datestamp><setSpec>com_2072_1033</setSpec><setSpec>col_2072_452950</setSpec></header><metadata><record xmlns="http://www.loc.gov/MARC21/slim" xmlns:dcterms="http://purl.org/dc/terms/" xmlns:xsi="http://www.w3.org/2001/XMLSchema-instance" xmlns:doc="http://www.lyncode.com/xoai" xsi:schemaLocation="http://www.loc.gov/MARC21/slim http://www.loc.gov/standards/marcxml/schema/MARC21slim.xsd">
   <leader>00925njm 22002777a 4500</leader>
   <datafield ind2=" " ind1=" " tag="042">
      <subfield code="a">dc</subfield>
   </datafield>
   <datafield ind2=" " ind1=" " tag="720">
      <subfield code="a">Espuña Camarasa, Antonio</subfield>
      <subfield code="e">author</subfield>
   </datafield>
   <datafield ind2=" " ind1=" " tag="720">
      <subfield code="a">Graells Sobré, Moisès</subfield>
      <subfield code="e">author</subfield>
   </datafield>
   <datafield ind2=" " ind1=" " tag="720">
      <subfield code="a">Velo García, Enrique</subfield>
      <subfield code="e">author</subfield>
   </datafield>
   <datafield ind2=" " ind1=" " tag="720">
      <subfield code="a">Pérez Moya, Montserrat</subfield>
      <subfield code="e">author</subfield>
   </datafield>
   <datafield ind2=" " ind1=" " tag="720">
      <subfield code="a">Puigjaner Corbella, Lluís</subfield>
      <subfield code="e">author</subfield>
   </datafield>
   <datafield ind2=" " ind1=" " tag="720">
      <subfield code="a">Nougués, José María</subfield>
      <subfield code="e">author</subfield>
   </datafield>
   <datafield ind2=" " ind1=" " tag="720">
      <subfield code="a">Boada Altarriba, Enric</subfield>
      <subfield code="e">author</subfield>
   </datafield>
   <datafield ind2=" " ind1=" " tag="720">
      <subfield code="a">Moreno Benito, Marta</subfield>
      <subfield code="e">author</subfield>
   </datafield>
   <datafield ind2=" " ind1=" " tag="720">
      <subfield code="a">Silvente, Javier</subfield>
      <subfield code="e">author</subfield>
   </datafield>
   <datafield ind2=" " ind1=" " tag="720">
      <subfield code="a">Zamarripa Pérez, Miguel Ángel</subfield>
      <subfield code="e">author</subfield>
   </datafield>
   <datafield ind2=" " ind1=" " tag="720">
      <subfield code="a">Shokry Abdelaleem Taha Zied, Ahmed</subfield>
      <subfield code="e">author</subfield>
   </datafield>
   <datafield ind2=" " ind1=" " tag="720">
      <subfield code="a">Yamal Turbay, Evelyn</subfield>
      <subfield code="e">author</subfield>
   </datafield>
   <datafield ind2=" " ind1=" " tag="720">
      <subfield code="a">Hjaila, Kefah</subfield>
      <subfield code="e">author</subfield>
   </datafield>
   <datafield ind2=" " ind1=" " tag="720">
      <subfield code="a">Audino, Francesca</subfield>
      <subfield code="e">author</subfield>
   </datafield>
   <datafield ind2=" " ind1=" " tag="720">
      <subfield code="a">Dombayci, Canan</subfield>
      <subfield code="e">author</subfield>
   </datafield>
   <datafield ind2=" " ind1=" " tag="720">
      <subfield code="a">Medina, Sergio</subfield>
      <subfield code="e">author</subfield>
   </datafield>
   <datafield ind2=" " ind1=" " tag="720">
      <subfield code="a">Lupera Calahorrano, Gicela Jazmín</subfield>
      <subfield code="e">author</subfield>
   </datafield>
   <datafield ind2=" " ind1=" " tag="260">
      <subfield code="c">2013-01-01 / 2015-12-31</subfield>
   </datafield>
   <datafield ind2=" " ind1=" " tag="520">
      <subfield code="a">El análisis de la sostenibilidad (económica, social y/o ambiental) asociada a la toma de decisiones de gestión requiere considerar globalmente toda la cadena de suministro implicada en la producción de un determinado bien o servicio. Pero la práctica totalidad de los sistemas de soporte a la decisión aplicables a la industria de proceso (y en muchos otros ámbitos) parte de una visión centralizada de dicha cadena de suministro, en la que un único gestor toma decisiones sobre todos los eslabones, sin considerar los objetivos específicos de cada uno de estos eslabones (que en la práctica suelen pertenecer a diferentes actores). O bien asumen que hay una única sección “importante” en la cadena (la propia), mientras que el resto de los eslabones están “al servicio” de dicha sección. &#xd;
El proyecto SIGERA ha permitido el desarrollo de herramientas de soporte a la decisión basadas en la aplicación de criterios sistemáticos, transparentes y objetivos para la gestión integrada de recursos en la industria de proceso, específicamente en situaciones en las que es determinante gestionar simultáneamente varios de estos recursos en entornos cooperativos, competitivos o mixtos (cadenas de suministro). Para ello se han desarrollado y combinado modelos que representan el consumo, la utilización y/o la generación de los diferentes recursos considerados, tanto externos como internos, y tanto propios como ajenos (los límites de la cadena de suministro los establece el gestor). Adicionalmente, se han incorporado dos aspectos habitualmente simplificados (cuando no ignorados) al abordar este tipo de problemas: la incertidumbre asociada a la información (endógena y/o exógena) y la naturaleza multiobjetivo de todo problema de toma de decisiones. &#xd;
La complejidad de los modelos a tratar ha requerido el desarrollo de nuevas estrategias de optimización que, aunque están basadas en diferentes paradigmas de la ingeniería de procesos (programación matemática, teoría de juegos, técnicas de reducción de objetivos, etc.), constituyen un avance en cuanto a su forma de aplicación y/o en su adaptación (por ejemplo, en su aplicación al desarrollo y en su utilización sobre modelos basados en datos y/o híbridos - metamodelos). &#xd;
Los prototipos desarrollados se han aplicado a diferentes situaciones, muchas de ellas basadas en cadenas de suministro que incluyen directamente eslabones de transformación de recursos ambientales: sistemas de poli generación energética, aprovechamiento del ciclo del agua, sistemas de control de la contaminación, gestión de redes de distribución, cierre de ciclos de materiales, etc. Los resultados obtenidos demuestran la utilidad de los procedimientos ideados en situaciones hasta ahora no abordadas ni tan solo en el ámbito académico.</subfield>
   </datafield>
   <datafield ind2="0" ind1="0" tag="245">
      <subfield code="a">Sistema integrado de gestión de la energía y los recursos ambientales para procesos industriales económicamente sostenibles - SIGERA</subfield>
   </datafield>
</record></metadata></record></GetRecord></OAI-PMH>